Turistický batoh s objemom do 30 - 40 litrov
Salvato in:
| Autore principale: | |
|---|---|
| Altri autori: | |
| Natura: | Manoscritto Libro |
| Lingua: | slovacco |
| Pubblicazione: |
Bratislava
2015
|
| Soggetti: | |
| Accesso online: | http://is.stuba.sk/zp/portal_zp.pl?podrobnosti=112657 |
| Tags: |
Nessun Tag, puoi essere il primo ad aggiungerne!!
|
MARC
| LEADER | 00000ntm a22000003a 4500 | ||
|---|---|---|---|
| 001 | stuzp52451 | ||
| 003 | SK-STU | ||
| 005 | 20210309100512.4 | ||
| 007 | ta | ||
| 008 | 150427s2015----xo-----f-mn---000-0-slo-d | ||
| 040 | |a STU |b slo | ||
| 041 | 0 | |a slo | |
| 100 | 1 | |a Turňová, Tatiana, |d 1988- |u 059190 |4 aut |U FAD Fakulta architektúry a dizajnu |U FAD Fakulta architektúry |T FA Ústav dizajnu |X 58590 |U A9190 |Y 400 |7 A000058590 | |
| 242 | 0 | 1 | |a Backpack for trekking, 30-40L |y eng |
| 245 | 1 | 0 | |a Turistický batoh s objemom do 30 - 40 litrov |
| 260 | |c 2015 |a Bratislava | ||
| 650 | 4 | |a ruksak |2 slo | |
| 650 | 4 | |a šport |2 slo | |
| 650 | 4 | |a žena |2 slo | |
| 650 | 4 | |a ergonómia |2 slo | |
| 650 | 4 | |a jednoduchosť |2 slo | |
| 650 | 4 | |a turistika |2 slo | |
| 650 | 4 | |a backpack |2 eng | |
| 650 | 4 | |a sport |2 eng | |
| 650 | 4 | |a woman |2 eng | |
| 650 | 4 | |a ergonomics |2 eng | |
| 650 | 4 | |a simplicity |2 eng | |
| 650 | 4 | |a tourism |2 eng | |
| 700 | 1 | |a Humaj, Peter, |d 1952- |4 ths |X 429 |7 A000000429 | |
| 856 | 4 | |u http://is.stuba.sk/zp/portal_zp.pl?podrobnosti=112657 |u https://opac.crzp.sk/?fn=detailBiblioForm&sid=D6D76FDBEB5D0472D97DC1D57304 | |
| SQL | |a stuzp52451 |b DDP |c SLO |d Turistický batoh s objemom do 30 - 40 litrov |e 58590 |f Turňová, Tatiana |g 059190 |h 429 |i Humaj, Peter |j 20150603 |k 640 |l 05 |m http://is.stuba.sk/zp/portal_zp.pl?podrobnosti=112657 |n I-DZ |o 2.2.6. dizajn | ||